| 000 | 01489nam a22002897a 4500 | ||
|---|---|---|---|
| 999 |
_c63457 _d63457 |
||
| 005 | 20240530110642.0 | ||
| 008 | 170926s2004 ua dh f 000 0 ara d | ||
| 017 |
_a2003/7529 _bمصر. دار الكتب |
||
| 020 | _a4775552095 | ||
| 040 |
_aEG-CaGPL _cEG-CaGPL |
||
| 082 | 0 | 4 |
_221 _a355.0332962 \ _bق/و ج |
| 100 | 0 | _aاحمد عبدالرزاق احمد | |
| 245 | 1 | 2 |
_aالجيش المصرى وسبعة الاف عام من الزمان / _cاعداد احمد عبدالرزاق احمد ، جاد محمد طه ، محمد عبدالحليم رشدى الهوارى ؛ مراجعة على ماهر حجاب ، محمد عبدالوهاب الدويك ، جمال الحسانين محمد الحضرى ؛ الاشراف العام محمد عبدالسلام السيد سعيد |
| 260 |
_aالقاهرة : _c2004 |
||
| 300 |
_a375 ص. : _bايض ؛ _c30 سم. |
||
| 650 | 0 | 7 |
_2qrmak _aالعلوم الحربية |
| 650 | 0 | 7 |
_2qrmak _aالجيش _xتاريخ |
| 651 | 0 | 7 |
_2qrmak _aمصر _xالجيش |
| 700 | 0 |
_aجاد محمد طه _eمعد |
|
| 700 | 0 |
_aمحمد عبدالحليم رشدى الهوارى _eمعد مشارك |
|
| 700 | 0 |
_aعلى ماهر حجاب _eمراجع |
|
| 700 | 0 |
_aمحمد عبدالوهاب الدويك _eمراجع مشارك |
|
| 700 | 0 |
_aجمال الحسانين محمد الحضرى _eمراجع مشارك |
|
| 700 | 0 |
_a محمد عبدالسلام السيد سعيد _eمشرف |
|
| 942 |
_2ddc _cBK |
||